El rol desde una perspectiva vincular /

Se reflexiona acerca de la distinción entre los conceptos de rol y función y se señala la importancia del análisis del rol en los procesos grupales, especialmente en la terapia grupal

Gespeichert in:
Bibliographische Detailangaben
1. Verfasser: Podcamisky Garber, Mario
Format: Text
Schlagworte:
Tags: Tag hinzufügen
Keine Tags, Fügen Sie den ersten Tag hinzu!

MARC

LEADER 00000 a a2200000 04500
001 13717
003
040
100 |a Podcamisky Garber, Mario  
245 |a El rol desde una perspectiva vincular /  |c Mario Podcamisky Garber 
520 |a Se reflexiona acerca de la distinción entre los conceptos de rol y función y se señala la importancia del análisis del rol en los procesos grupales, especialmente en la terapia grupal  
650 |a ROL  
650 |a COMUNICACION  
650 |a PSICOLOGIA  
650 |a COSTA RICA  
773 |g volumen 85, número 1 -2; páginas 179-187  
999 |c 35960  |d 35960